000 00472cam a2200157 4500500
005 20260405001729.0
041 _afre
042 _adc
100 1 0 _aRogé, Antoine
_eauthor
245 0 0 _aLes hyperobjets
260 _c2014.
500 _a45
690 _aMétaphysique
786 0 _nPhilosophie magazine | 78 | 4 | 2014-04-01 | p. 51-51 | 1951-1787
856 4 1 _uhttps://shs.cairn.info/magazine-philosophie-magazine-2014-4-page-51?lang=fr&redirect-ssocas=7080
999 _c2050505
_d2050505